[Event "WchT 9th"]
[Site "Antalya"]
[Date "2013.12.05"]
[Round "9.3"]
[White "Mamedov, Nidjat"]
[Black "Fridman, Daniel"]
[Result "0-1"]
[WhiteElo "2616"]
[BlackElo "2600"]
[Annotator "Fridman,D"]
[PlyCount "90"]
[EventDate "2013.11.26"]
[EventType "team-tourn"]
[EventRounds "9"]
[EventCountry "TUR"]
[SourceTitle "CBM 158"]
[Source "ChessBase"]
[SourceDate "2014.01.16"]
[SourceVersion "1"]
[SourceVersionDate "2014.01.16"]
[SourceQuality "1"]
[WhiteTeam "Azerbaijan"]
[BlackTeam "Germany"]
[WhiteTeamCountry "AZE"]
[BlackTeamCountry "GER"]

1. e4 e6 2. d4 d5 3. Nc3 Nf6 4. Bg5 dxe4 5. Nxe4 Nbd7 6. Nf3 h6 7. Nxf6+ Nxf6
8. Bh4 c5 9. Bd3 {Eine der Hauptvarianten in dieser Stellung. Auch sehr
populär sind Züge wie 9.Bb5+, 9.Bc4, 9.c3.} Qa5+ (9... cxd4 {ist die
Hauptvariante. Der von mir gespielte Zug ist selten, aber nicht schlecht.}) 10.
c3 cxd4 11. Nxd4 Bd7 12. O-O Bd6 {Ich hatte eine Schnellschachpartie gegen GM
Kulaots mit 12...Be7 gehabt. Den Zug in der Partie finde ich besser. Der
Läufer steht aktiver auf d6. Schwarz muss auch keine Angst vor Bxf6 gxf6 haben.
Die Struktur ist ganz gut für Schwarz.} 13. Qf3 {Nach diesem Zug kann Schwarz
ein bequemes Endspiel erzwingen. Weiß muss etwas anderes versuchen, z.B. 13.
a4!? oder Re1!?} Qh5 $1 14. Bg3 (14. Qxh5 Nxh5 15. f3 Nf4 $11 {Nepomniachtchi
- Morozevich, 2011}) (14. Qxb7 Rb8 15. Qa6 Bxh2+ 16. Kxh2 Qxh4+ 17. Kg1 O-O $15
) 14... Qxf3 15. Nxf3 Bxg3 16. hxg3 Ke7 17. Ne5 Rhd8 18. Rfd1 (18. Be2 Ba4 19.
b3 Be8 20. Bf3 Nd7 21. Nxd7 Rxd7 22. Rfd1 $11) (18. Nxd7 $2 Rxd7 19. Rfd1 Rad8
20. Bc2 Rd2 $19) 18... Ba4 {Schwarz hat bequemen Ausgleich erziehlt. ...Ba4
schwächt die weiße Struktur.} 19. b3 (19. Rd2 Ne4 20. Re2 Nc5 $15) 19... Be8
20. c4 Nd7 21. Nxd7 Bxd7 22. g4 (22. Be4 {würde zu einem interessanten
Endspiel führen, das objektiv remis ist, aber wo nur Schwarz praktische
Chancen besitzt:} Bc6 23. Bxc6 bxc6 24. Kf1 c5 25. Ke2 a5 26. Rxd8 Rxd8 27. Rc1
{Wenn Weiß einen Turm auf dem Brett behält, sollte es ohne große
Schwierigkeiten zu halten sein.} (27. Rd1 $6 {Das Bauernendspiel ist für Weiß
nicht einfach.} Rxd1 28. Kxd1 f5 29. f3 (29. Ke2 e5 30. Ke3 Ke6 31. a3 h5 32.
a4 g5) 29... e5 30. Kd2 h5 31. Kd3 g5)) 22... Bc6 23. f3 Rd4 24. Kf2 Rad8 25.
Ke3 $6 {Eine Ungenauigkeit, die es Schwarz erlaubt Raum zu gewinnen.} (25. Be2
Rd2 26. Ke3 Rb2 27. Rxd8 Kxd8 28. Rd1+ Ke7 29. Rd2 $11) (25. Ke2 Kd6 26. Bc2
Kc5 27. Rxd4 Rxd4 28. a3 a5 29. Ke3 e5 30. Bd3 $11) 25... f5 $1 26. gxf5 exf5
27. Bc2 (27. g3 $2 Bxf3 $19) 27... f4+ 28. Ke2 Rxd1 29. Bxd1 (29. Rxd1 $2 {
Fast jedes Läuferendspiel ist hier für Weiß verloren.} Rxd1 30. Bxd1 Kf6 31.
Kd3 Ke5 32. b4 b6 $19 {Weiß kriegt nicht genug Gegenspiel am Damenflügel.} 33.
b5 Bb7 34. a4 g5 35. a5 h5 36. a6 Ba8 (36... Bc8 $2 37. c5 bxc5 38. Kd2 Kd6 39.
b6 axb6 40. a7 Bb7 41. Bc2 $11) 37. Be2 (37. Bc2 Kd6 38. Kd4 g4 39. Be4 h4 40.
fxg4 f3 $19) 37... h4 38. Bf1 h3 39. gxh3 Bxf3 40. Kc3 Be4 41. Be2 Bg2 42. Bg4
f3 $19) 29... Kd6 30. b4 $6 {Das sieht aktiv aus, weil es die Struktur
"verbessert", aber im Endeffekt gibt es Schwarz mehr Angriffsobjekte.} (30. Kd3
Ke5+ 31. Kc3 g5 32. Bc2 h5 33. b4 b6 34. Re1+ Kf6 35. Be4 $11) 30... Ke5 (30...
a5 $5 31. a3 Ra8) 31. Bb3 $6 {Visuell ein sehr logischer Zug. Der Läufer ist
verteidigt und unterstützt die Bauern. Man macht so einen Zug in Zeitnot fast
automatisch. Der Läufer steht hier aber falsch. Er gehört auf die Diagonale
f1-a6. Von dort kann er beide Flügel kontrollieren.} (31. Bc2 $142 Rd4 32. Bd3
Be8 33. a3 g5 34. Rc1 $11) 31... Rd4 32. Re1 (32. Rh1 Be8 33. Re1 Bf7 (33...
Kf6 34. Rc1 g5 35. Rc3 h5 36. a4 g4 37. b5 a6 38. fxg4 hxg4 39. Bd1 Bf7 $15)
34. Kf1+ Kf6 35. Rc1 h5 36. Rc3 g5 37. b5 Be8 38. a4 a6 39. Ke1 g4 40. fxg4
hxg4 41. Bd1 Kg5 42. Be2 Bd7 43. c5 Rxa4 44. c6 Ra1+ $15) 32... Kf6 (32... Bd7)
33. Kf1 $2 $138 {Wahrscheinlich der entscheindende Fehler. Noch konnte Weiß
den Läufer rechtzeitig nach e2 bringen.} (33. Rc1 $1 Be8 34. Rc3 Ke5 35. Ke1 g5
36. Bd1 h5 $15) 33... Bd7 34. Kg1 (34. Rc1 g5 35. Rc3 h5 36. Ke1 g4 37. fxg4
hxg4 38. Bd1 f3 39. gxf3 g3 40. f4 g2 41. Rg3 Bc6 42. b5 Be4 43. Be2 Kf5 $19)
34... g5 35. c5 {Die Initiative für den geopferten Bauern ist nicht
ausreichend.} Rxb4 36. Rd1 Ke7 37. Rd6 (37. Re1+ Kd8 38. Rd1 Kc7 39. Rd6 Rb5 (
39... Ba4 40. Bg8 b6 $17) 40. Rxh6 Rxc5 41. Rh7 Kd6 42. Rh6+ Ke5 {und es ist
die gleiche Stellung wie in der Partie.}) 37... Rb5 (37... h5 $5 38. Rd5 g4 39.
Rxh5 g3 40. Kf1 Bb5+ $15) (37... b6 38. Rxh6 bxc5 39. Rh7+ Kd6 40. Rh6+ Ke5 41.
Rh7 Bc6 42. Rxa7 c4 43. Bc2 Rb2 44. Bh7 g4 $19) 38. Rxh6 Rxc5 39. Rh7+ Kd6 40.
Rh6+ Ke5 41. Kf2 (41. Rg6 Kf5 42. Rg8 a5 43. Ra8 Ke5 44. Kf2 Kd6 45. Ke2 Bb5+
46. Kf2 Bc6 $19) 41... Bc6 42. g3 $2 (42. Ke2 {Weiß muss passiv abwarten, aber
die Stellung ist sehr schwierig.} a5 $17) 42... Rc3 43. Re6+ (43. Bd1 Rd3 44.
gxf4+ gxf4 45. Be2 Ra3 $19) 43... Kd4 (43... Kf5 $4 {Wenn man nicht aufpasst...
} 44. g4# {kann einiges passieren!}) 44. Bd1 fxg3+ 45. Kxg3 g4 $1 0-1

[Event "Biel Accentus"]
[Site "Biel"]
[Date "2011.07.27"]
[Round "8"]
[White "Vachier Lagrave, Maxime"]
[Black "Pelletier, Yannick"]
[Result "1-0"]
[WhiteElo "2722"]
[BlackElo "2590"]
[Annotator "Ftacnik,L"]
[PlyCount "85"]
[EventDate "2011.07.18"]
[EventType "tourn"]
[EventRounds "10"]
[EventCountry "SUI"]
[EventCategory "19"]
[SourceTitle "CBM 144"]
[Source "ChessBase"]
[SourceDate "2011.09.16"]
[SourceVersion "1"]
[SourceVersionDate "2011.09.16"]
[SourceQuality "1"]

1. e4 e6 2. d4 d5 3. Nc3 dxe4 4. Nxe4 Nd7 5. g3 {The super solid Caro-Kann is
very difficult to break, so White will often try the positional fianchetto
development of the bishop to the g2-square.} Be7 6. Bg2 Ngf6 7. Nxf6+ (7. Nc3
O-O 8. Nf3 Nd5 9. Qd3 Nb4 10. Qd2 c5 11. O-O cxd4 12. Nxd4 Nb6 13. a3 e5 14.
axb4 exd4 15. Nb5 Bf6 16. Rd1 Bg4 17. f3 Bf5 18. g4 a6 19. Nxd4 Bxd4+ 20. Qxd4
Bxc2 $14 {1-0 Carlsen,M (2821)-Pelletier,Y (2590)/Biel 2011 (42)}) 7... Bxf6 8.
Ne2 {The knight move to e2 seems to be less natural than Nf3, but from the
point of the impact of Bg2 it is a sheer blessing. One of the reasons for
experimenting are the problems with obtaining an advantage.} (8. Nf3 O-O 9. O-O
Rb8 (9... e5 10. Re1 (10. Be3 c6 (10... exd4 11. Bxd4 c5 12. Bxf6 Nxf6 13. Qxd8
Rxd8 14. Ne5 g6 15. Nd3 Bf5 16. Bxb7 Bxd3 17. cxd3 Rab8 $11 {Ivanov,
A-Christiansen,L/Chandler 1997/}) 11. Re1 exd4 12. Bxd4 Bxd4 (12... Nb6 13.
Bxf6 Qxf6 14. Qd4 Qxd4 15. Nxd4 Rd8 16. a4 a5 17. Nb3 $14 {Bezgodov,
A-Dokutchaev,A/St Petersburg 1998/}) 13. Qxd4 Nf6 14. a4 Qxd4 15. Nxd4 Rd8 16.
c3 a5 17. Re5 Nd7 18. Re7 Kf8 $11 {Lutz,C-Van der Sterren,P/Germany 1997/
GER-chT} 19. Rae1 Nf6 20. h3 Bd7 21. R7e5 Re8 22. f4 Rac8 23. Kf2 b6 24. g4 h6
25. Kg3 Rxe5 26. fxe5 Ne8 27. h4 g6 28. Bf1 {1/2-1/2 Hracek,Z (2650)-Ehlvest,J
(2660)/Yerevan 1996}) (10. dxe5 Nxe5 11. Nxe5 {1/2-1/2 Storchak,V-Lavrov,A/
Prokojevsk 1997/ (11)}) 10... exd4 11. Nxd4 Nb6 12. Nb5 Bd7 13. Qd3 Re8 14. Bf4
Bxb5 15. Qxb5 c6 16. Qb3 $14 {1/2-1/2 Shirov,A (2690)-Ehlvest,J (2660)/Tallinn
1996 (42)}) (9... c5 10. c3 cxd4 11. Nxd4 a6 (11... Qb6 12. Qb3 Bxd4 13. cxd4
Qxb3 14. axb3 Nb6 15. Ra5 Rd8 $14 {Magem Badals,J-De la Villa Garcia,J/
Pamplona 1991/}) 12. Be3 Qc7 13. Qe2 Nb6 14. Nf3 Re8 15. Rad1 e5 16. Bg5 (16.
Ng5 Nc4 17. Ne4 Be7 $13) 16... Nd7 17. Rfe1 h6 $2 18. Be3 $6 (18. Bxf6 $1 gxf6
(18... Nxf6 19. Nxe5 Ng4 20. Qc4 $1 $18) 19. Nd2 $16) 18... Nf8 19. Nd2 Be6 $14
{1-0 Fressinet,L (2591)-Morozevich,A (2742)/Cannes 2002 (43)}) 10. Bf4 b5 11.
Ne5 Bb7 12. Bxb7 Rxb7 13. Qf3 Rb6 14. Rad1 Qc8 15. Rd3 Ra6 16. Rb3 c6 17. Rd1
Bxe5 18. dxe5 Nb6 19. a3 Nd5 20. Be3 Ra4 21. Bc5 Rd8 22. Bd6 $11 {1/2-1/2
Svidler,P (2747)-Morozevich,A (2732)/Monte Carlo 2004 (25)}) 8... O-O 9. O-O
Rb8 {The unaspicious move of the rook is preparing some form of fianchetto for
the bishop on c8. The real problems with equalising are felt by the defender
in the event of an immediate pawn attack against the centre.} (9... e5 10. d5 (
10. c3 Re8 11. Be3 c6 12. Re1 Nb6 13. dxe5 Bxe5 14. Qxd8 Rxd8 {1/2-1/2
Vojinovic,G (2451)-Kosic,D (2521)/Jahorina 2000}) (10. Be3 exd4 11. Nxd4 c6 12.
h3 Nb6 {1/2-1/2 Sedlak,N (2556)-Kosic,D (2466)/Tivat 2011}) 10... Be7 11. c4 (
11. b3 a5 12. Bb2 a4 13. f4 exf4 14. Nxf4 Bf6 15. Bxf6 Nxf6 16. Qd4 axb3 17.
axb3 Rxa1 18. Rxa1 Qd6 19. Re1 c5 20. Qd3 Bd7 $14 {1/2-1/2 Stojanovic,D (2492)
-Kovacevic,B (2468)/Djakovo 2006 (41)}) 11... a5 12. Be3 Nc5 13. f4 exf4 14.
Nxf4 Bf5 15. Bd4 Qd7 16. Qd2 Bg6 17. h4 Ne4 18. Qe3 Nf6 19. Bh3 Qd8 20. Rad1
$16 {1/2-1/2 Tiviakov,S (2663)-Dambacher,M (2466)/Hilversum 2007 (26)}) (9...
c5 10. Be3 cxd4 11. Bxd4 Qa5 12. c3 Rd8 13. Qc2 Bxd4 14. Nxd4 Nf6 15. Rfd1 Rb8
16. Nb3 Rxd1+ 17. Rxd1 Qc7 18. Nc5 h6 19. Ne4 Nxe4 20. Qxe4 $14 {1-0 Godena,M 
(2500)-Bellini,F (2435)/Switzerland 1998 (44)}) 10. Nc3 (10. c4 b6 11. Qa4 a6
12. Rd1 Qe7 13. Be3 c5 14. Rd2 b5 15. Qc2 Bb7 16. Rad1 Bxg2 17. Kxg2 bxc4 18.
Qxc4 cxd4 19. Nxd4 Ne5 20. Qe2 Qb7+ 21. Kg1 Rfd8 $11 {1/2-1/2 Heymann,U (2105)
-Hausmann,I (2090)/Leipzig 1995 (68)}) 10... b5 {Just one round later
Pelletier has surprised his great opponent with a different solution for the
problems. He simply transfered the knight to d5 and exchanged it for the Be3.}
(10... b6 11. Bf4 Bb7 12. Bxb7 Rxb7 13. Qf3 Qc8 14. Rad1 c5 (14... c6 15. Ne4
$16) 15. Ne4 Be7 16. d5 exd5 17. Rxd5 Nf6 $14) (10... Nb6 11. Be3 Nd5 12. Ne4
Nxe3 13. Nxf6+ Qxf6 14. fxe3 Qg5 15. Qd3 b6 16. a4 c5 17. a5 Bb7 18. Bxb7 Rxb7
19. axb6 axb6 20. Qe4 Rd7 $11 {1/2-1/2 Shirov,A (2714)-Pelletier,Y (2590)/Biel
2011 (30)}) 11. Qd3 (11. Ne4 Be7 12. a4 b4 $14) 11... a6 $6 (11... b4 12. Ne4
Rb6 13. Rd1 Be7 14. Bf4 $14) 12. a4 $6 {White was enjoying some advantage
after any continuation, but the overly modest approach of the defender was
promising even more. Unfortunately even Vachier Lagrave has been lured into
the play with the a-pawn.} (12. Ne4 $1 Be7 (12... Bb7 13. a4 $16) 13. a4 Bb7
14. axb5 axb5 15. Ra7 $16) 12... b4 13. Ne4 a5 (13... Bb7 14. Nxf6+ Nxf6 15.
Bxb7 Rxb7 16. Qxa6 $16) 14. Nxf6+ Nxf6 15. Bg5 Bb7 (15... h6 16. Bxf6 Qxf6 17.
Rfe1 (17. Qc4 Bb7 18. Bxb7 Rxb7 19. Rfe1 $14) 17... Rd8 18. Qc4 (18. Rad1 c5
19. Qc4 cxd4 20. Qc7 Bd7 21. Qxa5 Be8 $11) 18... Qxd4 19. Qxc7 Ba6 20. Qxa5 Rd6
$14) 16. Bxb7 Rxb7 17. Rfe1 c6 (17... c5 18. dxc5 Qxd3 19. cxd3 Rd8 20. Bf4 $16
) 18. Re5 {The black position is very solid, but White is an extraordinary
chessplayer and thus he tries for small miracles.} (18. Re4 h6 19. Bxf6 Qxf6
20. Rae1 $14) (18. Bxf6 Qxf6 19. Re5 Rd7 20. Qc4 Rd5 21. Rae1 Qd8 $14) 18...
Rd7 19. c3 bxc3 20. bxc3 (20. Qxc3 Rxd4 21. Bxf6 gxf6 22. Rxa5 Rd3 23. Qb4 Rd4
24. Qe1 Qb6 $11) 20... Rd5 21. Rae1 h6 (21... Qb6 22. Bxf6 gxf6 23. R5e4 $14) (
21... Qd6 22. Bxf6 gxf6 23. R5e4 f5 (23... Rd8 24. Rh4 $16) 24. Rh4 Rd8 25. Qe3
Qf8 26. Rh5 $16) 22. Bxf6 gxf6 $2 {Pelletier had the feeling, that he did not
want to run away from the centre with the queen and would rather live with a
somewhat damaged pawn structure on the kingside. He has missed the fact that
this solution was in fact forbidden.} (22... Qxf6 23. Qc4 Rc8 24. Rxd5 exd5 25.
Qc5 $14) 23. Rxe6 $1 (23. R5e4 $5 c5 24. Rg4+ Kh8 25. Qd2 Rg5 26. Rh4 Kg7 27.
Rb1 $16) 23... fxe6 (23... c5 24. R6e4 cxd4 25. c4 $18) 24. Qg6+ Kh8 25. Qxh6+
Kg8 26. Qg6+ Kh8 27. Re4 f5 28. Qh6+ (28. Rh4+ $2 Qxh4 29. gxh4 Rg8 $19) 28...
Kg8 29. Rxe6 {By force the players have reached the position, in which the
defender is barely avoiding the disaster.} Rd7 30. Rg6+ Kf7 31. Rxc6 $2 {
[%mdl 1024] Vachier Lagrave had surely felt from afar, that the combination
should be winning. It is a bit tragic that when he came much closer to the
solution he simply failed to find the last step!} (31. Rg7+ Ke8 32. Qe6+ Re7
33. Qxc6+ Qd7 34. Qa8+ $11) (31. Qh5 $1 Qf6 (31... Rh8 32. Rh6+) (31... Ke8 32.
Re6#) (31... Rd5 32. Rd6+ $18) (31... Ke7 32. Qe2+ $1 Kf7 33. Qe6#) 32. Rh6+
Ke7 (32... Kg7 33. Rh7+ Kg8 34. Rxd7 $18) 33. Qe2+ Kd8 34. Rxf6 Rxf6 35. Qe5
$18) 31... Ke8 (31... Rg8 32. Qe6+ Kf8 33. Rc5 Rgg7 $14) 32. d5 (32. Qg6+ Rff7
(32... Rdf7 $2 33. Re6+ Kd7 34. Rd6+ $18) 33. Re6+ Rde7 34. Qg8+ Rf8 (34... Kd7
35. Rd6+ $18) 35. Qg6+ Rff7 $11) 32... Re7 (32... Rdf7 $2 33. Re6+ Re7 34. d6
$18) (32... Rxd5 $2 33. Qe6+ Qe7 34. Qxd5 $18) 33. c4 {White has not taken
advantage of his golden winning chance, but despite the missing rook he is not
in danger. At this moment he enjoys the compensation of an attack and 4 pawns.}
(33. Qg6+ Rff7 34. c4 f4 $11) 33... f4 34. Qh5+ (34. Qg6+ Rff7 35. Re6 (35. Qg4
f3 (35... Re1+ 36. Kg2 f3+ 37. Kh3 Rh7+) 36. h4 Re1+ 37. Kh2 Qd7 38. Re6+)
35... f3 36. Qg8+ Rf8 37. Qg6+ Kd7 38. Rd6+ Kc7 39. Rc6+ Kb8 40. Rb6+ Rb7)
34... Rff7 35. Kg2 (35. Kf1 Qd7 36. Ra6 Qb7 37. Qh8+ Rf8 38. Qh5+ $11) 35...
f3+ (35... Qd7 36. g4 Kd8 $11) (35... fxg3 $5 36. hxg3 Qd7 37. g4 Kd8 38. Qh4
Rg7 39. g5 Qf5 40. Qh8+ Re8 41. Qxg7 Qg4+ $11) 36. Kh3 Qd7+ 37. g4 Kd8 38. Qg5
{The defensive task was not without problems for Black, as one bigger mistake
could put him into a critical situation.} (38. Kg3 Re1 $11) 38... Rg7 (38...
Rh7+ 39. Kg3 Rhg7 40. Qf4 Qb7 (40... Rxg4+ 41. Qxg4 Rg7 42. Rg6 $18) 41. c5 $18
) (38... Qe8 $1 39. Kg3 Kd7 $1 40. Ra6 Re1 41. Qh5 Qe5+ $11) 39. Qf4 Ke8 $2 {
Time trouble belongs to the mightest enemies in chess. The number of positions
that have been spoiled under the pressure of the clock can not be counted.} (
39... Re8 $1 40. Kg3 (40. Ra6 Kc8 41. Kg3 Qe7 42. h4 (42. Re6 Qd8 43. Rd6 Rd7 (
43... Qe7 44. Qf5+ Kc7 45. Re6 $18) 44. Rf6 Kb7 $11) 42... Qe1 43. Ra8+ Kb7 44.
Rxe8 Qg1+ 45. Kxf3 Qd1+ 46. Re2 Qh1+ 47. Ke3 Qc1+ 48. Rd2 Qc3+ 49. Ke2 Re7+ 50.
Kd1 Qa1+ $11) 40... Reg8 41. h3 Rg6 42. Qb8+ (42. Rc5 Qa7 43. Rb5 Qc7 44. c5
Qxf4+ 45. Kxf4) 42... Ke7 43. Qe5+ Kd8 44. Rxg6 Rxg6 45. c5 Qc7 $11) 40. Kg3 $1
(40. Rd6 $2 Rxg4 $1 41. Qxg4 Qxd6 $19) (40. Rb6 Rh7+ 41. Kg3 Qc7 42. Qxc7 Rxc7
43. d6 Rb7 44. Rc6 Rhg7 $11) 40... Qb7 (40... Qd8 41. Qf6 Rgf7 42. Qh8+ Rf8 43.
Qh6 Rff7 44. c5 Rh7 45. Qg6+ Kf8 46. Qf6+ Kg8 47. h4 $16) 41. Qf5 $1 {White
has significantly improved the coordination of his forces, on the contrary
Black has lost control of his defence.} Rc7 (41... Qb8+ 42. d6 Rd7 43. h4 $18)
(41... Kd8 42. c5 Rgf7 (42... Qb8+ 43. d6 Ref7 44. Qe6 Qb7 45. Rb6 Qc8 46.
Qxc8+ Kxc8 47. c6 Rf8 48. d7+ Kc7 49. Rb7+ Kxc6 50. d8=N+ Rxd8 51. Rxg7 $18)
43. Qg5 Ke8 44. Qg8+ Rf8 45. Qg6+ Rff7 46. Rb6 Qxd5 47. Qg8+ Kd7 48. Rd6+ $18)
42. Rh6 Rh7 (42... Rg8 43. c5 Rf7 44. Re6+ Kf8 (44... Kd8 45. Rd6+ $18) 45. Qe5
Re7 46. Rf6+ Kg7 47. Qf4 Kh8 48. c6 $18) 43. Re6+ {The great triumph of the
spirit over physical numbers, but even so the winner must surely have
regretted his missed opportunity from move 31.} 1-0

[Event "Olympiad-34"]
[Site "Istanbul"]
[Date "2000.10.29"]
[Round "2.1"]
[White "Torre, Eugenio"]
[Black "Reefat, Bin Sattar"]
[Result "1-0"]
[WhiteElo "2552"]
[BlackElo "2467"]
[Annotator "Ftacnik,L"]
[PlyCount "65"]
[EventDate "2000.10.28"]
[EventType "team-swiss"]
[EventRounds "14"]
[EventCountry "TUR"]
[SourceTitle "EXT 2001"]
[Source "ChessBase"]
[SourceDate "2000.11.22"]
[SourceVersion "1"]
[SourceVersionDate "2000.11.22"]
[SourceQuality "1"]
[WhiteTeam "Philippines"]
[BlackTeam "Bangladesh"]
[WhiteTeamCountry "PHI"]
[BlackTeamCountry "BAN"]

1. e4 e6 2. d4 d5 3. Nc3 dxe4 4. Nxe4 Nd7 5. Nf3 Ngf6 6. Bg5 Be7 7. Nxf6+ Nxf6
8. Bd3 h6 9. Bd2 O-O 10. Qe2 b6 11. O-O-O Bb7 12. Rhg1 c5 13. dxc5 bxc5 (13...
Bxc5 14. Be3 (14. Ne5 Qd5 15. Kb1 Bxf2 16. Qxf2 Qxe5 17. Bc3 Ng4 $17) 14... Qc7
15. g4 Nd5 16. Bxc5 Qxc5 17. Ne5 $13) 14. Ne5 Qd4 15. Nc4 (15. g4 Ne4 16. Bxe4
Qxe4 $11) 15... Nd5 $2 {The centralization of the piece doesn't have to be
always ideal. Black should have had more chances to oppose the prepared attak
of his opponent.} (15... Qh4 $5 16. g4 Qxh2 17. g5 hxg5 18. Bxg5 Rad8 19. Rg3
$13) 16. g3 $1 Rab8 17. c3 Qf6 18. Ne5 Nb6 $1 (18... Rfd8 $2 19. Ng4 $1 $18)
19. Bf4 (19. Ng4 Qf3 $11) 19... Bd6 20. Bb1 Bd5 (20... Nd5 $5 21. Qd3 Qf5 22.
Qxf5 exf5 23. Bxf5 Rfe8 24. Nd3 $14) 21. Qd3 $1 {[%mdl 128] The typical attack
along the b1-h7 diagonal works for white in an ideal form.} Rfd8 (21... g6 22.
Nxg6 $1 Rfd8 23. Bxd6 Rxd6 24. Nf4 $16) (21... Qf5 22. Qxf5 exf5 23. Nd7 Bxf4+
24. gxf4 Bf3 25. Nxb8 Bxd1 26. Na6 Bg4 27. Nxc5 $16) 22. Qh7+ Kf8 23. Ng6+ $1
fxg6 (23... Ke8 24. Bxd6 Rxd6 25. Qg8+ $18) 24. Bxd6+ Rxd6 (24... Kf7 25. Bxb8
Rxb8 26. Rge1 $18) 25. Qh8+ Ke7 26. Qxb8 Qxf2 (26... Rd7 27. Qg8 $18) 27. Bxg6
Qe3+ 28. Kb1 {White king is not really in danger so black can claim no
compensation for the exchange.} Rd7 (28... Be4+ 29. Bxe4 Qxe4+ 30. Ka1 Rxd1+
31. Rxd1 Qe2 32. Qxa7+ Ke8 33. Rb1 $18) 29. Rge1 Qf3 (29... Be4+ 30. Bxe4 Rxd1+
31. Rxd1 Qxe4+ 32. Ka1 $18) 30. Qe8+ Kd6 (30... Kf6 31. Bc2 $18) 31. Qxe6+ Kc7
32. Qe5+ Kb7 33. Rxd5 $1 (33. Rxd5 $1 Nxd5 34. Be4 Qf7 35. Rd1 Kc6 36. c4 $18)
1-0

[Event "Tilburg"]
[Site "Tilburg"]
[Date "1993.??.??"]
[Round "1"]
[White "Shabalov, Alexander"]
[Black "Smyslov, Vassily V"]
[Result "1-0"]
[WhiteElo "2590"]
[BlackElo "2520"]
[Annotator "Ftacnik,L"]
[PlyCount "57"]
[EventDate "1993.11.??"]
[EventType "k.o."]
[EventRounds "7"]
[EventCountry "NED"]
[SourceTitle "CBM 039"]
[Source "ChessBase"]
[SourceDate "1994.04.01"]
[SourceVersion "1"]
[SourceVersionDate "1994.04.01"]
[SourceQuality "1"]

1. e4 e6 2. d4 d5 3. Nc3 dxe4 4. Nxe4 Nd7 5. Nf3 Ngf6 6. Nxf6+ Nxf6 7. Bg5 Be7
8. Bc4 h6 9. Bh4 c5 10. Qe2 Qa5+ (10... cxd4 11. O-O-O Bd7 12. Rxd4 $14) 11. c3
a6 $6 (11... cxd4 12. Bb5+ Bd7 13. Bxd7+ Nxd7 14. Bxe7 Kxe7 15. Nxd4 Rhd8 $10)
12. d5 $5 Nxd5 (12... exd5 13. Bxf6 gxf6 14. Bxd5 $16) (12... b5 13. dxe6 (13.
Bb3 c4 14. dxe6 cxb3 15. exf7+ Kf8 16. Ne5 Bf5) 13... bxc4 14. exf7+ Kf8 15.
Ne5 Bf5 $17) 13. Bxd5 Bxh4 14. Nxh4 Qd8 15. Nf5 $1 Qxd5 16. Nxg7+ Ke7 (16...
Kf8 17. Nh5 Qxg2 18. O-O-O $40) 17. f4 Rd8 18. O-O Bd7 (18... Kf8 19. Rad1 $18)
19. Rad1 Bb5 20. Qg4 Bd3 21. f5 $1 c4 (21... exf5 22. Nxf5+ Bxf5 23. Qh4+ $18)
22. fxe6 fxe6 23. Nxe6 $1 $18 Rg8 (23... Qxe6 24. Qg7+ Kd6 25. Rf6 $18) 24.
Qh4+ Kxe6 25. Rde1+ Kd7 26. Qe7+ Kc8 (26... Kc6 27. Rf6+ Kb5 28. Qb4#) 27. Rf8+
Rxf8 28. Qxf8+ Kc7 (28... Qd8 29. Re8 $18) 29. Qxa8 1-0